Certificados de residencia fiscal (Registro nro. 20693)

Detalles MARC
000 -LEADER
fixed length control field 00352 a2200121 4500
001 - CONTROL NUMBER
control field ART_62583
005 - DATE AND TIME OF LATEST TRANSACTION
control field 20260410161802.0
008 - FIXED-LENGTH DATA ELEMENTS--GENERAL INFORMATION
fixed length control field 260409a
100 1# - MAIN ENTRY--PERSONAL NAME
Personal name Vaquero, Fernando M.
245 10 - TITLE STATEMENT
Title Certificados de residencia fiscal
700 1# - ADDED ENTRY--PERSONAL NAME
Personal name Mazzilli, Santiago T.
773 0# - HOST ITEM ENTRY
Title Doctrina tributaria
Related parts - Nº 542 (mayo 2025)
Record control number REV4296

No hay ítems disponibles.